Joueurs et joueuses de tennis par images - Statistiques

Statistiques générales
  • Ce quiz a été pris 369 fois
  • Le résultat moyen est 14 sur 20
Statistiques - réponses
Par images Réponse % Correct
Gaël Monfils
95%
Rafael Nadal
94%
Roger Federer
94%
Novak Djokovic
93%
Andy Murray
87%
Jannik Sinner
87%
Aryna Sabalenka
84%
Stan Wawrinka
84%
Coco Gauff
81%
Venus Williams
81%
Iga Swiatek
76%
Naomi Osaka
76%
Andrey Rublev
74%
Alex De Minaur
64%
Justine Henin
52%
Maria Sharapova
50%
Simona Halep
47%
David Ferrer
40%
Victoria Azarenka
21%
Li Na
8%
Aucun quiz correspondant
Distribution des résultats
% des personnes avec chaque résultat
Percentile par nombre de réponses
Votre historique - résultats
Vous n’avez pas pris ce quiz